[Event "Los Angeles 1000GM Inv 02"]
[Site "Los Angeles"]
[Date "2023.02.25"]
[Round "7"]
[White "Casella, Michael"]
[Black "Corrales Jimenez, Fidel"]
[Result "0-1"]
[WhiteElo "2145"]
[BlackElo "2487"]
[PlyCount "56"]
[EventDate "2023.02.22"]
[EventType "tourn"]
[EventRounds "9"]
[EventCountry "USA"]
[SourceTitle "CBM 213 Extra"]
[Source "ChessBase"]
[SourceDate "2023.05.31"]
[SourceVersion "1"]
[SourceVersionDate "2023.05.31"]
[SourceQuality "1"]

1. e4 c6 2. d4 d5 3. exd5 cxd5 4. c4 Nf6 5. Nc3 g6 6. cxd5 Nxd5 7. Bc4 Nb6 8. Bb3 Bg7 9. Nf3 0-0 10. 0-0 Nc6 11. d5 Na5 12. Bg5 Re8 13. Re1 Bg4 14. h3 Bxf3 15. Qxf3 Nxb3 16. axb3 Qd6 17. Rad1 Qb4 18. Ne4 Nxd5 19. Re2 e6 20. h4 h6 21. Bd2 Qd4 22. h5 g5 23. Ree1 Qxb2 24. Bc1 Qc2 25. Nd6 Rf8 26. Ba3 Qc3 27. Qe4 Qxb3 28. Rd3 Nc3 0-1

[Event "Los Angeles 1000GM Inv 02"]
[Site "Los Angeles"]
[Date "2023.02.23"]
[Round "4"]
[White "Gasparyan, Davit"]
[Black "Casella, Michael"]
[Result "1-0"]
[WhiteElo "2126"]
[BlackElo "2145"]
[PlyCount "72"]
[EventDate "2023.02.22"]
[EventType "tourn"]
[EventRounds "9"]
[EventCountry "USA"]
[SourceTitle "CBM 213 Extra"]
[Source "ChessBase"]
[SourceDate "2023.05.31"]
[SourceVersion "1"]
[SourceVersionDate "2023.05.31"]
[SourceQuality "1"]

1. e4 c5 2. Nc3 Nc6 3. Bb5 Nd4 4. Nf3 a6 5. Bd3 g6 6. Nxd4 cxd4 7. Ne2 d5 8. c3 dxe4 9. Bxe4 Nf6 10. Qa4+ Qd7 11. Qxd7+ Kxd7 12. Bc2 dxc3 13. dxc3 Bg7 14. Be3 Kc7 15. 0-0-0 Bd7 16. f3 Rad8 17. Bb3 e6 18. Nf4 Bc6 19. Bd4 Ne8 20. Be3 Nd6 21. Nd3 h5 22. Kb1 Bf6 23. Bf4 h4 24. h3 Rh5 25. Rhe1 Rf5 26. Bh2 a5 27. Nf4 Bg5 28. Ne2 a4 29. Bc2 Rd5 30. Nd4 b5 31. Be4 Rxd4 32. Rxd4 Bf6 33. Bxd6+ Rxd6 34. Rxd6 Kxd6 35. Bxc6 Kxc6 36. Re4 Kd5 1-0

[Event "Los Angeles 1000GM Inv 02"]
[Site "Los Angeles"]
[Date "2023.02.22"]
[Round "1"]
[White "Casella, Michael"]
[Black "Ward, Noah"]
[Result "1-0"]
[WhiteElo "2145"]
[BlackElo "2148"]
[PlyCount "65"]
[EventDate "2023.02.22"]
[EventType "tourn"]
[EventRounds "9"]
[EventCountry "USA"]
[SourceTitle "CBM 213 Extra"]
[Source "ChessBase"]
[SourceDate "2023.05.31"]
[SourceVersion "1"]
[SourceVersionDate "2023.05.31"]
[SourceQuality "1"]

1. e4 c5 2. c3 Nf6 3. e5 Nd5 4. Nf3 Nc6 5. Bc4 Nb6 6. Bb3 c4 7. Bc2 d5 8. exd6 Qxd6 9. 0-0 Be6 10. b3 Rd8 11. Re1 Bd5 12. Na3 g6 13. bxc4 Nxc4 14. Nb5 Qd7 15. d3 Nd6 16. Nxd6+ Qxd6 17. Rb1 Rd7 18. Ng5 h6 19. Ne4 Bxe4 20. Rxe4 Bg7 21. d4 0-0 22. Qe2 Rc8 23. Bf4 Qa3 24. Bb3 a6 25. Qg4 Rcd8 26. Bxh6 e6 27. Bg5 Re8 28. Rbe1 Na5 29. Rxe6 fxe6 30. Rxe6 Kf8 31. Rxe8+ Kxe8 32. Qe6+ Re7 33. Qc8# 1-0

[Event "Los Angeles 1000GM Inv 02"]
[Site "Los Angeles"]
[Date "2023.02.22"]
[Round "2"]
[White "Kretchetov, Alexandre"]
[Black "Casella, Michael"]
[Result "1/2-1/2"]
[WhiteElo "2168"]
[BlackElo "2145"]
[PlyCount "73"]
[EventDate "2023.02.22"]
[EventType "tourn"]
[EventRounds "9"]
[EventCountry "USA"]
[SourceTitle "CBM 213 Extra"]
[Source "ChessBase"]
[SourceDate "2023.05.31"]
[SourceVersion "1"]
[SourceVersionDate "2023.05.31"]
[SourceQuality "1"]

1. d4 Nf6 2. c4 c5 3. d5 b5 4. Qc2 bxc4 5. e4 e6 6. Bxc4 exd5 7. exd5 d6 8. Nc3 Be7 9. h3 0-0 10. Nf3 Nbd7 11. 0-0 Nb6 12. b3 a5 13. a4 Ba6 14. Qd3 Nxc4 15. bxc4 Nd7 16. Nb5 Bf6 17. Ra2 Nb6 18. Re1 Bxb5 19. axb5 a4 20. Ra3 Re8 21. Rxe8+ Qxe8 22. Bf4 Qe7 23. Qc2 h6 24. Be3 Re8 25. Rxa4 Nxa4 26. Qxa4 Qb7 27. Nd2 Ra8 28. Qc2 Ra1+ 29. Kh2 Qa7 30. Qf5 Be5+ 31. f4 Bd4 32. Bxd4 cxd4 33. b6 Qxb6 34. Qc8+ Kh7 35. Qf5+ Kg8 36. Qc8+ Kh7 37. Qf5+ 1/2-1/2

[Event "American op 54th"]
[Site "Costa Mesa"]
[Date "2018.11.22"]
[Round "1"]
[White "Mahajan, Rushaan"]
[Black "Casella, Michael"]
[Result "1-0"]
[WhiteElo "1999"]
[BlackElo "2199"]
[PlyCount "77"]
[EventDate "2018.11.22"]
[EventType "swiss"]
[EventRounds "8"]
[EventCountry "USA"]
[SourceTitle "CBM 188 Extra"]
[Source "ChessBase"]
[SourceDate "2019.02.26"]
[SourceVersion "1"]
[SourceVersionDate "2019.02.26"]
[SourceQuality "1"]

1. d4 d5 2. Bf4 e6 3. e3 Bd6 4. Bg3 Nf6 5. Nd2 0-0 6. Bd3 b6 7. Qe2 a5 8. e4 dxe4 9. Nxe4 Bb7 10. Nf3 Nxe4 11. Bxe4 Bxe4 12. Qxe4 Nd7 13. 0-0 a4 14. a3 Nf6 15. Qe2 Bxg3 16. hxg3 Qd5 17. Rfd1 Rfd8 18. c3 Qh5 19. Qe5 Qxe5 20. dxe5 Nd7 21. Rd4 Kf8 22. Rad1 Ke8 23. Kf1 h6 24. Ke2 c5 25. Rd6 Rab8 26. R1d2 b5 27. Ra6 Nb6 28. Rxd8+ Kxd8 29. Nd2 Kc7 30. Ra7+ Rb7 31. Rxb7+ Kxb7 32. Ne4 Kc6 33. Nd2 Kd5 34. f4 Nc4 35. Nxc4 Kxc4 36. Kd2 Kb3 37. Kc1 h5 38. Kb1 f6 39. f5 1-0

[Event "Irvine Orange Pumpkin op"]
[Site "Irvine"]
[Date "2016.10.29"]
[Round "3"]
[White "Casella, Michael"]
[Black "Yurenok, Sergey"]
[Result "1-0"]
[WhiteElo "2233"]
[BlackElo "2104"]
[PlyCount "29"]
[EventDate "2016.10.28"]
[EventType "swiss"]
[EventRounds "6"]
[EventCountry "USA"]
[SourceTitle "EXT 2018"]
[Source "ChessBase"]
[SourceDate "2017.10.13"]
[SourceVersion "1"]
[SourceVersionDate "2017.10.13"]
[SourceQuality "1"]

1. e4 c5 2. Nf3 e6 3. d4 cxd4 4. Nxd4 Bc5 5. Nb3 Be7 6. Qg4 Bf6 7. Qg3 Nc6 8. Nc3 a6 9. Bf4 e5 10. Be3 Nge7 11. 0-0-0 0-0 12. Be2 b5 13. Rd6 Ng6 14. Rhd1 Qc7 15. Rxf6 1-0

[Event "Irvine Orange Pumpkin op"]
[Site "Irvine"]
[Date "2016.10.29"]
[Round "4"]
[White "Gareyev, Timur"]
[Black "Casella, Michael"]
[Result "1-0"]
[WhiteElo "2618"]
[BlackElo "2233"]
[PlyCount "113"]
[EventDate "2016.10.28"]
[EventType "swiss"]
[EventRounds "6"]
[EventCountry "USA"]
[SourceTitle "EXT 2018"]
[Source "ChessBase"]
[SourceDate "2017.10.13"]
[SourceVersion "1"]
[SourceVersionDate "2017.10.13"]
[SourceQuality "1"]

1. e4 e5 2. Nf3 Nc6 3. Bc4 Bc5 4. b4 Bb6 5. a4 a6 6. Nc3 Nf6 7. Nd5 Ba7 8. d3 h6 9. b5 Na5 10. Ba2 d6 11. 0-0 Nxd5 12. Bxd5 c6 13. bxc6 bxc6 14. Ba2 0-0 15. Be3 Be6 16. Qd2 Bxe3 17. fxe3 Bxa2 18. Rxa2 Rb8 19. Raa1 c5 20. Rab1 Qc7 21. Nh4 Nc6 22. Nf5 Rxb1 23. Rxb1 Kh7 24. Qc3 g6 25. Ng3 Rb8 26. Rb3 Kg7 27. Ne2 Rb4 28. Rxb4 cxb4 29. Qc4 Qb6 30. Kf2 Na5 31. Qa2 Qc6 32. Ke1 Nb7 33. Nc1 a5 34. Nb3 f5 35. Nd2 fxe4 36. Nxe4 d5 37. Nd2 Nc5 38. Nb3 Nxb3 39. Qxb3 h5 40. Kd2 h4 41. Qb2 d4 42. exd4 Qxg2+ 43. Ke3 Qh3+ 44. Ke4 Qf5+ 45. Kd5 exd4+ 46. Kc4 Qe6+ 47. Kc5 Qe5+ 48. Kc4 Qe6+ 49. Kc5 Qe7+ 50. Kc4 Qf7+ 51. Kc5 Qc7+ 52. Kd5 Qc3 53. Qc1 Qc8 54. Qf4 Qd7+ 55. Ke4 h3 56. Qe5+ Kh6 57. Qxa5 1-0

[Event "American op 51st"]
[Site "Orange"]
[Date "2015.11.29"]
[Round "7"]
[White "Casella, Michael"]
[Black "Matamoros Franco, Carlos S"]
[Result "0-1"]
[WhiteElo "2251"]
[BlackElo "2539"]
[PlyCount "42"]
[EventDate "2015.11.26"]
[EventType "swiss"]
[EventRounds "8"]
[EventCountry "USA"]
[SourceTitle "EXT 2017"]
[Source "ChessBase"]
[SourceDate "2016.10.25"]
[SourceVersion "1"]
[SourceVersionDate "2016.10.25"]
[SourceQuality "1"]

1. e4 e6 2. d4 d5 3. Nc3 Nf6 4. e5 Nfd7 5. f4 c5 6. Nf3 Nc6 7. Be3 Be7 8. Qd2 0-0 9. dxc5 Nxc5 10. 0-0-0 a6 11. Nd4 Nxd4 12. Bxd4 b5 13. Qe3 Na4 14. Nxa4 bxa4 15. a3 a5 16. Bc3 Ba6 17. Qd4 Qb8 18. Qxa4 Rc8 19. Bxa5 Bxf1 20. Rhxf1 Rc5 21. b4 Raxa5 0-1

[Event "Pacific Southwest op"]
[Site "Irvine"]
[Date "2015.07.04"]
[Round "3"]
[White "Peters, Jack"]
[Black "Casella, Michael"]
[Result "1/2-1/2"]
[WhiteElo "2350"]
[BlackElo "2190"]
[PlyCount "63"]
[EventDate "2015.07.03"]
[EventType "swiss"]
[EventRounds "6"]
[EventCountry "USA"]
[SourceTitle "EXT 2018"]
[Source "ChessBase"]
[SourceDate "2017.10.13"]
[SourceVersion "1"]
[SourceVersionDate "2017.10.13"]
[SourceQuality "1"]

1. e4 c5 2. Nf3 e6 3. d4 cxd4 4. Nxd4 Nf6 5. Nc3 Nc6 6. Ndb5 d6 7. Bf4 e5 8. Bg5 a6 9. Na3 b5 10. Nd5 Be7 11. Bxf6 Bxf6 12. c4 b4 13. Nc2 a5 14. g3 0-0 15. h4 a4 16. Bg2 Be6 17. b3 Bxd5 18. cxd5 axb3 19. axb3 Na5 20. 0-0 Nxb3 21. Rb1 Nc5 22. Rxb4 Qa5 23. Qb1 Bd8 24. Ne3 Qa6 25. Rc1 Ba5 26. Bf1 Qa7 27. Rb2 Rfb8 28. Bb5 g6 29. Qc2 Qe7 30. Kg2 Kg7 31. Rcb1 Bc7 32. Kg1 1/2-1/2

[Event "Western Pacific op"]
[Site "Irvine"]
[Date "2015.04.26"]
[Round "4"]
[White "Peters, Jack"]
[Black "Casella, Michael"]
[Result "1-0"]
[WhiteElo "2365"]
[BlackElo "2170"]
[PlyCount "67"]
[EventDate "2015.04.24"]
[EventType "swiss"]
[EventRounds "5"]
[EventCountry "USA"]
[SourceTitle "EXT 2018"]
[Source "ChessBase"]
[SourceDate "2017.10.13"]
[SourceVersion "1"]
[SourceVersionDate "2017.10.13"]
[SourceQuality "1"]

1. e4 c5 2. Nf3 e6 3. d4 cxd4 4. Nxd4 Nf6 5. Nc3 Nc6 6. Ndb5 d6 7. Bf4 e5 8. Bg5 a6 9. Na3 b5 10. Nd5 Be7 11. Bxf6 Bxf6 12. c4 b4 13. Nc2 0-0 14. Be2 Rb8 15. b3 Bg5 16. Bg4 Bb7 17. Qd3 Nd4 18. Nxd4 Bxd5 19. Nf5 Be6 20. h4 Bxf5 21. Bxf5 Be7 22. g3 Qa5 23. 0-0 Rb6 24. Qd5 Qa3 25. Rfd1 Rd8 26. Rac1 g6 27. Bg4 Qxa2 28. c5 Rb5 29. Qc6 Qb2 30. cxd6 Bxd6 31. Rb1 Qa2 32. Ra1 Qb2 33. Rxa6 Rc5 34. Qb6 1-0

[Event "Western Pacific op"]
[Site "Irvine"]
[Date "2015.04.25"]
[Round "3"]
[White "Casella, Michael"]
[Black "Kretchetov, Alexandre"]
[Result "1/2-1/2"]
[WhiteElo "2170"]
[BlackElo "2290"]
[PlyCount "45"]
[EventDate "2015.04.24"]
[EventType "swiss"]
[EventRounds "5"]
[EventCountry "USA"]
[SourceTitle "EXT 2018"]
[Source "ChessBase"]
[SourceDate "2017.10.13"]
[SourceVersion "1"]
[SourceVersionDate "2017.10.13"]
[SourceQuality "1"]

1. e4 e5 2. Nf3 Nc6 3. Bc4 Bc5 4. 0-0 d6 5. c3 Qf6 6. b4 Bb6 7. a4 a5 8. b5 Nd8 9. d3 Bg4 10. Be3 Ne7 11. Nbd2 Ne6 12. Bxe6 Bxe6 13. Bxb6 cxb6 14. Qe2 Qh6 15. Qe3 Qxe3 16. fxe3 f6 17. c4 Ng6 18. d4 Nf8 19. Nh4 Kf7 20. Rac1 Rd8 21. h3 g6 22. Nhf3 Ke7 23. Rf2 1/2-1/2

[Event "USA tt"]
[Site "ICC INT"]
[Date "2014.10.15"]
[Round "8"]
[White "Casella, Michael"]
[Black "Noble, Matthew"]
[Result "1-0"]
[WhiteElo "2191"]
[BlackElo "2260"]
[PlyCount "57"]
[EventDate "2014.08.26"]
[EventType "team-tourn"]
[EventRounds "10"]
[EventCountry "USA"]
[SourceTitle "EXT 2015"]
[Source "ChessBase"]
[SourceDate "2014.11.20"]
[SourceVersion "1"]
[SourceVersionDate "2014.11.20"]
[SourceQuality "1"]
[WhiteTeam "Los Angeles"]
[BlackTeam "Arizona"]
[WhiteTeamCountry "USA"]
[BlackTeamCountry "USA"]

1. c4 e6 2. g3 Nf6 3. d4 d5 4. Nf3 Be7 5. Bg2 0-0 6. 0-0 dxc4 7. Qc2 a6 8. Qxc4 b5 9. Qc2 Bb7 10. Bd2 Ra7 11. a3 Nbd7 12. Ba5 Qa8 13. b4 e5 14. dxe5 Nxe5 15. Nbd2 Bd6 16. Rac1 Bd5 17. Rfd1 Nc6 18. e4 Nxa5 19. exd5 Nb7 20. Nd4 Nd8 21. Ne4 Nxe4 22. Qxe4 Qc8 23. Nf5 Nb7 24. Qd4 Qxf5 25. Qxa7 Nd8 26. Qxa6 h5 27. Qxb5 Ne6 28. Qd3 Qxd3 29. Rxd3 1-0

[Event "USA tt"]
[Site "ICC INT"]
[Date "2014.10.07"]
[Round "7"]
[White "Smith, Shaun"]
[Black "Casella, Michael"]
[Result "1-0"]
[WhiteElo "1936"]
[BlackElo "2191"]
[PlyCount "59"]
[EventDate "2014.08.26"]
[EventType "team-tourn"]
[EventRounds "10"]
[EventCountry "USA"]
[SourceTitle "CBM 162 Extra"]
[Source "ChessBase"]
[SourceDate "2014.10.17"]
[SourceVersion "1"]
[SourceVersionDate "2014.10.17"]
[SourceQuality "1"]
[WhiteTeam "Manhattan"]
[BlackTeam "Los Angeles"]
[WhiteTeamCountry "USA"]
[BlackTeamCountry "USA"]

1. Nf3 Nf6 2. g3 g6 3. Bg2 Bg7 4. c4 d6 5. Nc3 0-0 6. 0-0 e5 7. d4 Nbd7 8. h3 c6 9. e4 Qb6 10. Re1 Qb4 11. Bf1 exd4 12. Nxd4 Ne5 13. a3 Qb6 14. Be3 Qc7 15. f4 Ned7 16. Bg2 Re8 17. Qc2 Nc5 18. b4 Ne6 19. Nb3 Bd7 20. Rad1 Rad8 21. Kh2 Bc8 22. f5 Nf8 23. Qd3 N6d7 24. Rf1 Ne5 25. Qe2 gxf5 26. exf5 Nxc4 27. Qxc4 Rxe3 28. Nd5 b5 29. Qc1 Rxb3 30. Nxc7 1-0

[Event "USA tt"]
[Site "ICC INT"]
[Date "2014.09.30"]
[Round "6"]
[White "Casella, Michael"]
[Black "Schill, William"]
[Result "1-0"]
[WhiteElo "2191"]
[BlackElo "2241"]
[PlyCount "71"]
[EventDate "2014.08.26"]
[EventType "team-tourn"]
[EventRounds "10"]
[EventCountry "USA"]
[SourceTitle "CBM 162 Extra"]
[Source "ChessBase"]
[SourceDate "2014.10.17"]
[SourceVersion "1"]
[SourceVersionDate "2014.10.17"]
[SourceQuality "1"]
[WhiteTeam "Los Angeles"]
[BlackTeam "Seattle"]
[WhiteTeamCountry "USA"]
[BlackTeamCountry "USA"]

1. e4 c5 2. Nf3 Nc6 3. d4 cxd4 4. Nxd4 Nf6 5. Nc3 d6 6. Bg5 e6 7. Qd2 a6 8. 0-0-0 Bd7 9. f4 Be7 10. Nf3 b5 11. Bxf6 gxf6 12. Kb1 Qa5 13. Bd3 0-0-0 14. f5 Kb8 15. Qh6 Rc8 16. Ne2 Nb4 17. a3 Nxd3 18. Rxd3 exf5 19. Qf4 Rhg8 20. exf5 Rxg2 21. Nfd4 Qd8 22. Qf3 Rg5 23. h4 Rg7 24. Nc3 Qg8 25. Nd5 Bd8 26. Qf4 Qf8 27. Re1 Rc5 28. Nb3 Rc4 29. Rd4 Rxd4 30. Nxd4 h5 31. Qh6 Rg8 32. Qxh5 Qg7 33. Nb4 Bb6 34. Re7 Qg1+ 35. Ka2 Qxd4 36. Qxf7 1-0

[Event "USA tt"]
[Site "ICC INT"]
[Date "2014.09.23"]
[Round "5"]
[White "Casella, Michael"]
[Black "Miller, Jake"]
[Result "1-0"]
[WhiteElo "2191"]
[BlackElo "2067"]
[PlyCount "81"]
[EventDate "2014.08.26"]
[EventType "team-tourn"]
[EventRounds "10"]
[EventCountry "USA"]
[SourceTitle "CBM 162 Extra"]
[Source "ChessBase"]
[SourceDate "2014.10.17"]
[SourceVersion "1"]
[SourceVersionDate "2014.10.17"]
[SourceQuality "1"]
[WhiteTeam "Los Angeles"]
[BlackTeam "Boston"]
[WhiteTeamCountry "USA"]
[BlackTeamCountry "USA"]

1. e4 c5 2. Nf3 Nc6 3. d4 cxd4 4. Nxd4 g6 5. Nc3 Bg7 6. Be3 Nf6 7. Bc4 0-0 8. Bb3 a5 9. 0-0 Nxd4 10. Bxd4 d6 11. Qe2 Bd7 12. Rad1 a4 13. Bc4 Bc6 14. e5 dxe5 15. Bxe5 Qc8 16. a3 Rd8 17. Nb5 Rxd1 18. Rxd1 Qg4 19. Qxg4 Nxg4 20. Bxg7 Kxg7 21. Nd4 Rc8 22. Be2 Nf6 23. c3 e5 24. Nxc6 Rxc6 25. f3 Rc5 26. Rd8 Nd5 27. Kf2 b5 28. Ra8 Nc7 29. Ra5 Rd5 30. Ke1 Kf6 31. c4 bxc4 32. Rxa4 c3 33. bxc3 Rc5 34. Rc4 Rxc4 35. Bxc4 Ke7 36. a4 f6 37. Kd2 Kd6 38. Bg8 h6 39. Kd3 Kc5 40. Bf7 g5 41. Ke4 1-0

[Event "USA tt"]
[Site "ICC INT"]
[Date "2014.09.16"]
[Round "4"]
[White "Mateer, Amanda Rae"]
[Black "Casella, Michael"]
[Result "0-1"]
[WhiteElo "2091"]
[BlackElo "2191"]
[PlyCount "58"]
[EventDate "2014.08.26"]
[EventType "team-tourn"]
[EventRounds "10"]
[EventCountry "USA"]
[SourceTitle "CBM 162 Extra"]
[Source "ChessBase"]
[SourceDate "2014.10.17"]
[SourceVersion "1"]
[SourceVersionDate "2014.10.17"]
[SourceQuality "1"]
[WhiteTeam "Arizona"]
[BlackTeam "Los Angeles"]
[WhiteTeamCountry "USA"]
[BlackTeamCountry "USA"]

1. d4 Nf6 2. c4 g6 3. f3 Bg7 4. e4 d6 5. Nc3 0-0 6. Bg5 a6 7. Qd2 Nbd7 8. Nh3 c5 9. d5 b5 10. cxb5 Qa5 11. Nf2 Nb6 12. a4 axb5 13. Bxb5 Ba6 14. Ra3 Nc4 15. Bxc4 Bxc4 16. Nfd1 Rfb8 17. Ne3 Ba6 18. Kf2 Ra7 19. Rb1 h6 20. Bh4 Nh5 21. Bg3 Rab7 22. Qc2 Bd4 23. f4 Qb4 24. Kf3 Bxe3 25. Kxe3 Nxg3 26. hxg3 Qd4+ 27. Kf3 Bd3 28. Qd2 Bxb1 29. Nxb1 Rxb2 0-1

[Event "Los Angeles Metropolitan 29th"]
[Site "Los Angeles"]
[Date "2013.08.17"]
[Round "7"]
[White "Casella, Michael"]
[Black "Atoufi, Pedram"]
[Result "1-0"]
[WhiteElo "2224"]
[BlackElo "2269"]
[PlyCount "57"]
[EventDate "2013.08.14"]
[EventType "tourn"]
[EventRounds "9"]
[EventCountry "USA"]
[EventCategory "1"]
[SourceTitle "CBM 156 Extra"]
[Source "ChessBase"]
[SourceDate "2013.10.22"]
[SourceVersion "1"]
[SourceVersionDate "2013.10.22"]
[SourceQuality "1"]

1. e4 e5 2. f4 exf4 3. Nf3 g5 4. d4 Bg7 5. Nc3 d6 6. Bc4 h6 7. 0-0 Nc6 8. Bb5 Bd7 9. g3 fxg3 10. hxg3 Nge7 11. Be3 Nb4 12. Bc4 d5 13. exd5 Bh3 14. Ne5 Bxf1 15. Qh5 0-0 16. Rxf1 Ng6 17. d6 Nxe5 18. dxe5 cxd6 19. Bxf7+ Kh8 20. Rf6 Rxf7 21. Rxf7 Qe8 22. Qg6 Qxe5 23. Ne4 Nd5 24. Bf2 Ne7 25. Qxd6 Re8 26. Rxg7 Nf5 27. Qg6 Qxg7 28. Qxe8+ Kh7 29. Qd7 1-0

[Event "USA tt"]
[Site "ICC INT"]
[Date "2012.10.18"]
[Round "7"]
[White "Wheeler, Cameron"]
[Black "Casella, Michael"]
[Result "1-0"]
[WhiteElo "2108"]
[BlackElo "2235"]
[PlyCount "83"]
[EventDate "2012.09.04"]
[EventType "team-tourn"]
[EventRounds "10"]
[EventCountry "USA"]
[SourceTitle "EXT 2013"]
[Source "ChessBase"]
[SourceDate "2012.11.22"]
[SourceVersion "1"]
[SourceVersionDate "2012.11.22"]
[SourceQuality "1"]
[WhiteTeam "San Francisco"]
[BlackTeam "Los Angeles"]
[WhiteTeamCountry "USA"]
[BlackTeamCountry "USA"]

1. c4 c5 2. g3 Nc6 3. Bg2 g6 4. Nc3 Bg7 5. Nf3 d6 6. 0-0 Qd7 7. Rb1 b6 8. a3 Bb7 9. d3 Nh6 10. e4 0-0 11. Nd5 f6 12. b4 e6 13. Nc3 f5 14. Ne2 Rae8 15. bxc5 dxc5 16. Bb2 Rd8 17. Bxg7 Kxg7 18. Nf4 Rfe8 19. Re1 fxe4 20. dxe4 Qe7 21. Qc1 Nd4 22. a4 Qc7 23. Nh5+ gxh5 24. Qg5+ Kh8 25. Qxh6 Nxf3+ 26. Bxf3 Rf8 27. Bxh5 Qg7 28. Qxg7+ Kxg7 29. a5 Rd2 30. f4 Ba6 31. axb6 axb6 32. Rxb6 Bxc4 33. Rd1 Rxd1+ 34. Bxd1 Rd8 35. Bg4 e5 36. fxe5 Bd3 37. Rb7+ Kg8 38. Be6+ Kh8 39. Bf5 h6 40. Rc7 c4 41. e6 Re8 42. Kf2 1-0

[Event "Los Angeles Metropolitan 17th"]
[Site "Los Angeles"]
[Date "2012.04.01"]
[Round "8"]
[White "Sevian, Samuel"]
[Black "Casella, Michael"]
[Result "1-0"]
[WhiteElo "2223"]
[BlackElo "2248"]
[PlyCount "120"]
[EventDate "2012.03.28"]
[EventType "tourn"]
[EventRounds "9"]
[EventCountry "USA"]
[EventCategory "1"]
[SourceTitle "CBM 147 Extra"]
[Source "ChessBase"]
[SourceDate "2012.04.24"]
[SourceVersion "1"]
[SourceVersionDate "2012.04.24"]
[SourceQuality "1"]

1. e4 c6 2. d4 d5 3. Nc3 dxe4 4. Nxe4 Nf6 5. Nxf6+ gxf6 6. Nf3 Bf5 7. Bd3 e6 8. 0-0 Bg4 9. Re1 Nd7 10. h3 Bh5 11. Bf4 Nb6 12. c4 Bg7 13. Qe2 Bxf3 14. Qxf3 Qxd4 15. Rad1 0-0-0 16. Bh2 Qh4 17. Re4 Qh6 18. Qg3 e5 19. Rh4 Qg5 20. Rg4 Qh5 21. Re1 Bh6 22. Be2 Kb8 23. Qf3 Bg5 24. h4 Bd2 25. Rd1 Qh6 26. Bg3 Na4 27. Qa3 Nb6 28. c5 Nc8 29. Qb3 Rd7 30. Bf3 Ka8 31. Rb4 Ne7 32. Ra4 Rhd8 33. Bg4 Rd5 34. Qb6 a6 35. Be2 Nc8 36. Qb3 Na7 37. Bc4 R5d7 38. Bxf7 Nb5 39. Bc4 Nc7 40. Qb6 Qf8 41. Rxd2 Rxd2 42. Qxc7 R8d7 43. Qb6 Qd8 44. Qb3 Ka7 45. Qa3 R7d4 46. Rb4 Rd1+ 47. Kh2 Rc1 48. Be2 Qd5 49. Qe3 Rxb4 50. Qxc1 Qxa2 51. Qh6 Qxb2 52. Bd3 Qd4 53. Bxh7 Rc4 54. Qxf6 Rxc5 55. h5 Qd1 56. Qf3 Qa1 57. Qe3 b6 58. Qg5 a5 59. Qe7+ Ka8 60. Bf5 Qd4 1-0

[Event "Los Angeles Metropolitan 17th"]
[Site "Los Angeles"]
[Date "2012.03.31"]
[Round "7"]
[White "Casella, Michael"]
[Black "Clawitter, Craig"]
[Result "1/2-1/2"]
[WhiteElo "2248"]
[BlackElo "2097"]
[PlyCount "94"]
[EventDate "2012.03.28"]
[EventType "tourn"]
[EventRounds "9"]
[EventCountry "USA"]
[EventCategory "1"]
[SourceTitle "CBM 147 Extra"]
[Source "ChessBase"]
[SourceDate "2012.04.24"]
[SourceVersion "1"]
[SourceVersionDate "2012.04.24"]
[SourceQuality "1"]

1. d4 Nf6 2. c4 c5 3. d5 g6 4. Nc3 d6 5. g3 Bg7 6. Bg2 0-0 7. Nf3 e6 8. 0-0 exd5 9. cxd5 a6 10. a4 Nbd7 11. Nd2 Re8 12. h3 Nh5 13. Nce4 Ndf6 14. Nxf6+ Nxf6 15. Nc4 Ne4 16. Kh2 Qc7 17. f3 Nf6 18. Bf4 Bf8 19. e4 Nd7 20. Re1 Nb6 21. Ne3 Bd7 22. Qc2 Qb8 23. Bg5 Bg7 24. f4 h6 25. Bh4 Nc8 26. a5 Na7 27. Nc4 Nc8 28. g4 Bb5 29. Nd2 b6 30. Nf3 bxa5 31. Bg3 Nb6 32. Rad1 Nd7 33. h4 c4 34. Nd4 Nc5 35. Nc6 Bxc6 36. dxc6 Nd3 37. Rxd3 cxd3 38. Qxd3 Qxb2 39. Rd1 Qb6 40. Rc1 Rac8 41. Qd5 Qd4 42. Rc4 Qb2 43. Be1 Qe2 44. Bg3 Qb2 45. Be1 Qe2 46. Bg3 Qb2 47. Be1 Qe2 1/2-1/2

[Event "Los Angeles Metropolitan 12th"]
[Site "Los Angeles"]
[Date "2011.11.12"]
[Round "6"]
[White "Kavutskiy, Konstantin"]
[Black "Casella, Michael"]
[Result "1-0"]
[WhiteElo "2303"]
[BlackElo "2268"]
[PlyCount "76"]
[EventDate "2011.11.09"]
[EventType "tourn"]
[EventRounds "9"]
[EventCountry "USA"]
[EventCategory "2"]
[SourceTitle "EXT 2012"]
[Source "ChessBase"]
[SourceDate "2011.11.24"]
[SourceVersion "1"]
[SourceVersionDate "2011.11.24"]
[SourceQuality "1"]

1. d4 d5 2. c4 e6 3. Nf3 Nf6 4. g3 dxc4 5. Bg2 Bb4+ 6. Bd2 a5 7. Qc2 Bxd2+ 8. Qxd2 b5 9. a4 c6 10. Na3 Bd7 11. Ne5 Nd5 12. e4 Nb4 13. 0-0 0-0 14. Rfd1 Qc7 15. Nxd7 Qxd7 16. axb5 cxb5 17. Qg5 f5 18. d5 exd5 19. exd5 N8a6 20. Qe3 Rae8 21. Qb6 Re2 22. Qxb5 Qa7 23. Rf1 Nd3 24. Nxc4 Rxf2 25. Kh1 f4 26. Nb6 f3 27. Bh3 Rxb2 28. Qxd3 Qxb6 29. Be6+ Kh8 30. Rxf3 Rf2 31. Rxf8+ Rxf8 32. Rf1 Rd8 33. Qf5 Qd6 34. Qg4 Nc5 35. Rf7 Nxe6 36. dxe6 Qd1+ 37. Qxd1 Rxd1+ 38. Kg2 Kg8 1-0

[Event "Los Angeles Reader Memorial"]
[Site "Los Angeles"]
[Date "2011.05.13"]
[Round "4"]
[White "Casella, Michael"]
[Black "Taylor, Timothy"]
[Result "0-1"]
[WhiteElo "2259"]
[BlackElo "2296"]
[PlyCount "80"]
[EventDate "2011.05.11"]
[EventType "tourn"]
[EventRounds "9"]
[EventCountry "USA"]
[SourceTitle "CBM 142 Extra"]
[Source "ChessBase"]
[SourceDate "2011.06.27"]
[SourceVersion "1"]
[SourceVersionDate "2011.06.27"]
[SourceQuality "1"]

1. d4 d5 2. c4 e6 3. Nf3 c5 4. cxd5 exd5 5. g3 Nc6 6. Bg2 Nf6 7. 0-0 Be7 8. Nc3 0-0 9. dxc5 d4 10. Na4 Bf5 11. Bf4 Be4 12. Rc1 Qd5 13. b3 Rad8 14. Qd2 Qh5 15. Ne1 Bxg2 16. Kxg2 g5 17. Bd6 Ne4 18. Qc2 Nxd6 19. cxd6 Rxd6 20. h3 f5 21. Nb2 Rh6 22. Rh1 g4 23. Nbd3 gxh3+ 24. Kh2 Bd6 25. Nf3 Qg4 26. Rhg1 Rg6 27. Qd2 Qe4 28. Ng5 Qg4 29. Nxh3 Re8 30. Nhf4 Rh6+ 31. Kg2 Ne5 32. Nxe5 Bxe5 33. Rh1 Bxf4 34. Qxf4 Qxf4 35. gxf4 Rxh1 36. Rxh1 Rxe2 37. a4 Re4 38. Rh5 d3 39. Rh1 Rxf4 40. Rd1 Rd4 0-1